000 00303 a2200145 4500
001 169733
020 _a
040 _cMagnum
100 _a-
240 1 0 _aRevista de educacao aec/30 anos !
_lpor
245 1 0 _aRevista de educacao aec/30 anos !
362 0 _a1899
697 _aENSINO
942 _cBK
999 _c169733
_d169733